| 000 | 00777cam a2200217 4500 | ||
|---|---|---|---|
| 001 | WB3609-26 | ||
| 008 | 000000n2000 000 0 eng u | ||
| 035 | _a(Sirsi) u104503 | ||
| 245 | _aBody reorganises | ||
| 260 | _c2000 | ||
| 490 |
_aEstates Gazette _v(0008) 26 February 2000, 46(1) |
||
| 520 | _aARLA is restructuring its landlord and tenant funds protection scheme in a bid to get rid of rogue agents. The restructuring of the bond scheme means landlords and tenants will not have to prove that fraud or dishonesty occurred. | ||
| 590 | _aWB | ||
| 650 | _aARLA | ||
| 650 | _aASSOCIATION OF RESIDENTIAL LETTING AGENTS | ||
| 650 | _aPRIVATE RENTED SECTOR | ||
| 650 | _aCLIENTS ACCOUNTS | ||
| 650 | _aFUNDS | ||
| 690 |
_aLandlord and tenant _96252 |
||
| 942 | _n0 | ||
| 999 |
_c62704 _d62704 |
||